| 000 | 00847nam a2200205Ia 4500 | ||
|---|---|---|---|
| 003 | GCL | ||
| 008 | 140319s9999 xx 000 0 ara d | ||
| 040 |
_aGCL / _cGCL |
||
| 082 | 0 | 4 |
_a953 _bج ت |
| 100 | 1 | _aجمعية الاثار يين العرب | |
| 245 | 1 | 0 |
_aالتواصل الحضارى بين اقطار العالم العربى من خلال الشواهد الاثرية / _cجمعية الاثار يين العرب |
| 260 |
_aالقاهرة : _bالمجلس العربى للدراسات العليا |
||
| 300 | _a740 ص | ||
| 650 | 0 | 4 | _aالحضارة العربية الاسلامية - المعارف البحرية |
| 650 | 0 | 4 | _aالاثار الاسلامية |
| 650 | 0 | 4 | _aالحضارة الاسلامية |
| 650 | 0 | 4 | _aالاثار الشرقية |
| 650 | 0 | 4 | _aالعالم العربى - تاريخ |
| 942 |
_2ddc _cBK |
||
| 999 |
_c1650 _d1650 |
||